Particulars, plans and conditions of sale of the following important freehold properties (Record no. 116483)

MARC details
000 -LEADER
fixed length control field 00936cam a22002175a 4500
001 - CONTROL NUMBER
control field L140789
008 - FIXED-LENGTH DATA ELEMENTS--GENERAL INFORMATION
fixed length control field 071011s1921 xxk eng u
035 ## - SYSTEM CONTROL NUMBER
System control number (Sirsi) u140789
041 0# - LANGUAGE CODE
Language code of text/sound track or separate title eng
110 2# - MAIN ENTRY--CORPORATE NAME
Corporate name or jurisdiction name as entry element Knight Frank and Rutley
9 (RLIN) 1990
245 00 - TITLE STATEMENT
Title Particulars, plans and conditions of sale of the following important freehold properties
Remainder of title the Empire Theatre, Leicester Square, the Queen's Hotel...and the corner vacant site including nos. 40 and 41 Lisle Street and 10, 11, 12, 13 Leicester Place...to be sold by auction...by Messrs. Knight, Frank and Rutley...on Tuesday the 26th day of April 1921...
250 ## - EDITION STATEMENT
Edition statement 1st ed.
260 ## - PUBLICATION, DISTRIBUTION, ETC.
Place of publication, distribution, etc. S.l.
Name of publisher, distributor, etc. s.n.
Date of publication, distribution, etc. [1921]
300 ## - PHYSICAL DESCRIPTION
Extent 1 v.
Other physical details ill., col. map
Dimensions 32 cm.
340 ## - PHYSICAL MEDIUM
Material base and configuration Printed
351 ## - ORGANIZATION AND ARRANGEMENT OF MATERIALS
Hierarchical level Single item
500 ## - GENERAL NOTE
General note Includes colour fold-out plan.
651 4# - SUBJECT ADDED ENTRY--GEOGRAPHIC NAME
Geographic name London
690 ## - LOCAL SUBJECT ADDED ENTRY--TOPICAL TERM (OCLC, RLIN)
Topical term or geographic name as entry element PROPERTY-PROPERTY ACQUISITION AND DISPOSAL-ACQUISITION AND DISPOSAL AT AUCTION
942 ## - ADDED ENTRY ELEMENTS (KOHA)
Suppress in OPAC 0
Holdings
Withdrawn status Lost status Source of classification or shelving scheme Damaged status Not for loan Home library Current library Shelving location Date acquired Total Checkouts Full call number Barcode Date last seen Copy number Price effective from Koha item type
    Dewey Decimal Classification     London London Basement 11/10/2007   BASEMENT BOX 1 30013165 06/08/2019 1 06/08/2019 Archive